<?xml version="1.0" encoding="UTF-8" ?>
<collection xmlns="http://www.loc.gov/MARC21/slim"><record><leader>01194nam a2200277 c 4500</leader><controlfield tag="001">232370</controlfield><controlfield tag="003">CH-000273-5</controlfield><controlfield tag="005">20260330150500.0</controlfield><datafield tag="040" ind1=" " ind2=" "><subfield code="a">CH-000273-5</subfield><subfield code="b">ger</subfield><subfield code="e">rda</subfield></datafield><datafield tag="041" ind1=" " ind2=" "><subfield code="a">ger</subfield></datafield><datafield tag="110" ind1="2" ind2="0"><subfield code="a">Artcurial Beurret Bailly Widmer</subfield><subfield code="e">Zusammenstellender</subfield><subfield code="4">com</subfield></datafield><datafield tag="245" ind1="1" ind2="0"><subfield code="a">Internationale Kunst bis 1900</subfield><subfield code="b">11. März 2026 - ab 11 Uhr, Schwarzwaldalle 171, 4058 Basel</subfield><subfield code="c">Artcurial Beurret Bailly Widmer</subfield></datafield><datafield tag="264" ind1="0" ind2="1"><subfield code="a">Basel</subfield><subfield code="b">Artcurial Beurret Bailly Widmer</subfield><subfield code="c">[2026]</subfield></datafield><datafield tag="300" ind1=" " ind2=" "><subfield code="a">98 Seiten</subfield><subfield code="b">Illustrationen, farbig</subfield><subfield code="c">28 cm</subfield></datafield><datafield tag="336" ind1=" " ind2=" "><subfield code="a">Text</subfield><subfield code="b">txt</subfield><subfield code="2">rdacontent</subfield></datafield><datafield tag="336" ind1=" " ind2=" "><subfield code="a">unbewegtes Bild</subfield><subfield code="b">sti</subfield><subfield code="2">rdacontent</subfield></datafield><datafield tag="337" ind1=" " ind2=" "><subfield code="a">ohne Hilfsmittel zu benutzen</subfield><subfield code="b">n</subfield><subfield code="2">rdamedia</subfield></datafield><datafield tag="338" ind1=" " ind2=" "><subfield code="a">Band</subfield><subfield code="b">nc</subfield><subfield code="2">rdacarrier</subfield></datafield><datafield tag="490" ind1="1" ind2="0"><subfield code="a">Artcurial Beurret Bailly Widmer</subfield><subfield code="v">36</subfield></datafield><datafield tag="650" ind1="0" ind2="7"><subfield code="a">Malerei</subfield><subfield code="x">Bildnisminiatur</subfield><subfield code="x">Zeichnung</subfield><subfield code="x">Radierung</subfield><subfield code="y">Geschichte 1420-1921</subfield><subfield code="2">gnd</subfield></datafield><datafield tag="650" ind1="0" ind2="7"><subfield code="a">Kunsthandwerk</subfield><subfield code="x">Art Déco</subfield><subfield code="y">Geschichte 1900-1920</subfield><subfield code="2">gnd</subfield></datafield><datafield tag="650" ind1="0" ind2="7"><subfield code="a">Plastik</subfield><subfield code="y">Geschichte 1500-1993</subfield><subfield code="2">gnd</subfield></datafield><datafield tag="655" ind1="0" ind2="7"><subfield code="a">Auktionskatalog </subfield><subfield code="x">Artcurial Beurret Bailly Widmer </subfield><subfield code="y">11.03.2026 </subfield><subfield code="z">Basel</subfield><subfield code="2">gnd-content</subfield></datafield><datafield tag="655" ind1="0" ind2="7"><subfield code="a">Bildband</subfield><subfield code="2">gnd-content</subfield></datafield><datafield tag="810" ind1="2" ind2="0"><subfield code="a">Artcurial Beurret Bailly Widmer</subfield><subfield code="t">Auktion</subfield><subfield code="v">36</subfield><subfield code="w">(CH-000273-5)227415</subfield></datafield><datafield tag="852" ind1="4" ind2="0"><subfield code="a">CH-000273-5</subfield><subfield code="c">VK 2026/0016</subfield></datafield></record></collection>